00745nam a2200241Ia 4500003000900000005001700009008004100026040001300067040001300080041000800093100002400101245007100125250001000196260001200206260000900218300001100227300001200238490002200250490000600272942001200278999001700290952019600307IT-RoPAU20220918175744.0120407s9999 xx 000 0 und d aIT-RoPAU cIT-RoPAU afra aGilles Gaide935703 aJerusalem, voici ton roi. (Commentaire de Zacharie, 9-14 Italiano) aParis aDu Cerf c1968 a202 p. c21,5 cm aLectio divina, 49 v1 cBK2ddc c28431d28431 00102ddc406222_34900000000000071aPAULUSbPAULUSd2012-04-11l0o222.349r2012-04-11 00:00:00w2012-04-11yBKzInserito da: Anna In data: 07 agosto 2011 fondo: Via A.Severo 56 Progr:16108